[Event "EU-ch rapid"]
[Site "Katowice"]
[Date "2017.12.17"]
[Round "10"]
[White "Slipchuk, Evgeniy"]
[Black "Tomaszewski, Roman"]
[Result "0-1"]
[WhiteElo "2013"]
[BlackElo "2285"]
[PlyCount "92"]
[EventDate "2017.12.16"]
[EventType "swiss (rapid)"]
[EventRounds "11"]
[EventCountry "POL"]
[SourceTitle "CBM 182 Extra"]
[Source "ChessBase"]
[SourceDate "2018.02.23"]
[SourceVersion "1"]
[SourceVersionDate "2018.02.23"]
[SourceQuality "1"]

1. d4 Nf6 2. g3 d5 3. Bg2 c6 4. c4 g6 5. cxd5 Nxd5 6. Nf3 Bg7 7. 0-0 0-0 8. Nc3 Nb6 9. h3 a5 10. Bf4 Be6 11. Be5 Bh6 12. Bf4 Bxf4 13. gxf4 Nd5 14. e3 Nd7 15. Ne5 Nxe5 16. fxe5 Nxc3 17. bxc3 Qd7 18. h4 Bc4 19. Re1 f6 20. f4 fxe5 21. dxe5 Qe6 22. Qf3 Bxa2 23. Bh3 Qf7 24. Qg4 Bc4 25. f5 b5 26. e4 Kh8 27. Kh2 a4 28. Red1 Rad8 29. Rd4 c5 30. Rxd8 Rxd8 31. Rd1 Bd3 32. Qg3 c4 33. e6 Qg7 34. Qc7 Rg8 35. Rg1 Qxc3 36. fxg6 hxg6 37. Qf4 Qg7 38. h5 g5 39. Qf5 a3 40. Qf7 a2 41. Bf5 Rf8 42. Qxg7+ Kxg7 43. Ra1 Bb1 44. Bg6 b4 45. Kg3 b3 46. e5 Bxg6 0-1

[Event "EU-ch rapid"]
[Site "Katowice"]
[Date "2017.12.16"]
[Round "4"]
[White "Slipchuk, Evgeniy"]
[Black "Zelcic, Robert"]
[Result "0-1"]
[WhiteElo "2013"]
[BlackElo "2501"]
[PlyCount "84"]
[EventDate "2017.12.16"]
[EventType "swiss (rapid)"]
[EventRounds "11"]
[EventCountry "POL"]
[SourceTitle "CBM 182 Extra"]
[Source "ChessBase"]
[SourceDate "2018.02.23"]
[SourceVersion "1"]
[SourceVersionDate "2018.02.23"]
[SourceQuality "1"]

1. d4 c5 2. d5 e6 3. dxe6 fxe6 4. e4 Nc6 5. Nf3 d5 6. e5 Nge7 7. Bf4 Qb6 8. b3 Qb4+ 9. Bd2 Qe4+ 10. Be2 Nd4 11. Nxd4 Qxd4 12. Bc3 Qxd1+ 13. Kxd1 Ng6 14. Bh5 Kd8 15. Bxg6 hxg6 16. Bd2 Be7 17. g4 g5 18. Nc3 Bd7 19. f3 Kc7 20. Be1 Raf8 21. Ke2 Rf7 22. Bg3 Bc6 23. a4 Rhf8 24. Rhf1 c4 25. bxc4 dxc4 26. Ne4 Bxe4 27. fxe4 Rxf1 28. Rxf1 Rxf1 29. Kxf1 b5 30. axb5 Kb6 31. Bf2+ Bc5 32. Bxc5+ Kxc5 33. c3 Kxb5 34. Ke2 Ka4 35. Ke3 Kb3 36. Kd4 a5 37. Kc5 a4 38. Kd6 a3 39. Kxe6 a2 40. Kf7 a1Q 41. e6 Qxc3 42. e7 Qf3+ 0-1